|
|
|
|
| LEADER |
00000nam0a2200000 4500 |
| 001 |
362562 |
| 005 |
20231102011513.0 |
| 035 |
|
|
|a (RuTPU)RU\TPU\retro\19908
|
| 090 |
|
|
|a 362562
|
| 100 |
|
|
|a 20210729d1980 m y0rusy50 ca
|
| 101 |
0 |
|
|a rus
|
| 102 |
|
|
|a RU
|
| 105 |
|
|
|a a j 001zy
|
| 200 |
1 |
|
|a Расчет режимов полупроводниковых диодов в умножителях частоты
|e учебное пособие для вузов
|f В. А. Яковенко, Е. И. Машарский
|g Новосибирский электротехнический институт
|
| 210 |
|
|
|a Новосибирск
|c Изд-во НЭТИ
|d 1980
|
| 215 |
|
|
|a 102 с.
|c ил.
|
| 320 |
|
|
|a Библиогр.: с. 97-99
|
| 606 |
1 |
|
|a Умножители частоты полупроводниковые
|2 stltpush
|3 (RuTPU)RU\TPU\subj\63035
|9 80085
|
| 610 |
1 |
|
|a учебные пособия
|
| 610 |
1 |
|
|a полупроводниковые диоды
|
| 610 |
1 |
|
|a режимы
|
| 610 |
1 |
|
|a расчет
|
| 610 |
1 |
|
|a варакторы
|
| 610 |
1 |
|
|a оптимальные режимы
|
| 675 |
|
|
|a 621.374.4
|v 4
|
| 700 |
|
1 |
|a Яковенко
|b В. А.
|g Валерий Андреевич
|
| 701 |
|
1 |
|a Машарский
|b Е. И.
|g Евгений Израилевич
|
| 712 |
0 |
2 |
|a Новосибирский электротехнический институт
|c (1950-1992)
|2 stltpush
|3 (RuTPU)RU\TPU\col\203
|9 23272
|
| 801 |
|
1 |
|a RU
|b 63413507
|c 20210729
|
| 942 |
|
|
|c BK
|